Draft national policy on internal displacement.
Saved in:
| Corporate Author: | |
|---|---|
| Format: | Book |
| Language: | English |
| Published: |
Nairobi, Kenya :
Kenya National Commission on Human Rights,
February 2011.
|
| Edition: | Simplified version. |
| Subjects: | |
| Tags: |
Add Tag
No Tags, Be the first to tag this record!
|
| LEADER | 00898cam a2200277Ii 4500 | ||
|---|---|---|---|
| 001 | 012995413-6 | ||
| 005 | 20170407183222.0 | ||
| 008 | 150803e201102 ke o000 0 eng d | ||
| 035 | 0 | |a ocn915384501 | |
| 040 | |a IUL |b eng |e rda |c IUL |d HVL | ||
| 043 | |a f-ke--- | ||
| 050 | 4 | |a HB2122.5.A3 |b D73 2011 | |
| 245 | 0 | 0 | |a Draft national policy on internal displacement. |
| 250 | |a Simplified version. | ||
| 264 | 1 | |a Nairobi, Kenya : |b Kenya National Commission on Human Rights, |c February 2011. | |
| 300 | |a iv, 19 pages ; |c 21 cm | ||
| 336 | |a text |2 rdacontent | ||
| 337 | |a unmediated |2 rdamedia | ||
| 338 | |a volume |2 rdacarrier | ||
| 500 | |a Title from cover. | ||
| 650 | 0 | |a Migration, Internal |x Government policy |z Kenya. | |
| 650 | 0 | |a Forced migration |x Government policy |z Kenya. | |
| 710 | 2 | |a Kenya National Commission on Human Rights, |e issueing body. | |
| 988 | |a 20111207 | ||
| 049 | |a HVLA | ||
| 906 | |0 OCLC | ||


